Algebra Vocabulary Text Quiz - Statistics

General Stats
  • This quiz has been taken 223 times
  • The average score is 16 of 25
Answer Stats
Hint First
Letter
Answer % Correct
A value that does not change. C Constant
93%
The average of a collection of data values. M Mean
84%
The middle number in an ordered list of data values. If there are an even number of values, the value is halfway between the two middle numbers in the list. M Median
84%
The number of times a number is multiplied by itself in an expression such as 33. E Exponent
82%
A symbol that represents an unknown value. V Variable
82%
A variable whose value depends on the value of one or more other variables. D {Dependent} variable
80%
A variable that does not depend on any other variable for its value. I {Independent} variable
79%
One of the numbers 0, 1, 2, 3, ... . W {Whole} number
79%
The most common value or values in a collection of values. M Mode
78%
A number that can be written as a fraction mn where m and n are integers. R {Rational} number
76%
A number that cannot be written as a fraction mn where m and n are integers. I {Irrational} number
74%
A whole number or the negative of a whole number. I Integer
73%
A mathematical sentence that uses one of the symbols <, >, ≤, or ≥. I Inequality
71%
To represent a mathematical expression in the least complicated form possible. S Simplify
69%
A fraction in which the numerator is larger than the denominator. I {Improper} fraction
68%
The distance of a number from zero. A Absolute value
64%
A constant by which an algebraic term is multiplied. C Coefficient
52%
For any two numbers a and b, a+b=b+a. C {Commutative} law of addition
51%
In an equation or inequality, a number that can be substituted for the variable to make that equation or inequality true. If the equation or inequality has more than one variable, a list of numbers that when substituted for the list of variables makes the equation or inequality true. S Solution
47%
Of fractions, having the same numerical value. Of equations or inequalities, having the same solution set. E Equivalent
46%
A combination of variables and numbers using arithmetic. E Expression
41%
Solve. E Evaluate
36%
An algebraic expression of the sum or the difference of two terms. B Binomial
35%
In an arithmetic sequence, the amount that can be added to each number to get the next one. C {Common} difference
30%
The values on which mathematical operations occur in an algebraic expression. T Terms
25%
No matching quizzes found
Score Distribution
Percent of People with Each Score
Percentile by Number Answered
Your Score History
You have not taken this quiz